| 000 | 01201nam a2200145 4500 | ||
|---|---|---|---|
| 999 |
_c2810 _d2810 |
||
| 020 | _a9780073530222 | ||
| 050 | _aHD 31 | ||
| 100 | _aGareth R Jones;Jennifer M George | ||
| 245 | _aContemporary management | ||
| 250 | _a4th ed. | ||
| 260 |
_aBoston : _bMcGraw-Hill/Irwin, _c2008. |
||
| 300 |
_axxviii, 728 p.: _bill, _c27 cm. |
||
| 505 | _aManagers and Managing -- Values, Attitudes, Emotions, and Culture: The Manager as a Person -- Ethics and Social Responsibility -- Managing Diverse Employees in a Multicultural Environment -- Managing in the Global Environment -- Decision Making, Learning, Creativity, and Entrepreneurship -- The Manager as a Planner and Strategist -- The manager as a decision maker -- Value-Chain Management: Functional Strategies for Competitive Leadership -- Motivation and performance -- Effective groups and teams -- Communication Managing organizational architecture -- Managing organizational structure-- Organizational control and change -- Human resource management -- Managing organisational conflict,politics and negotiation. Utilizing advanced information technology -- Promoting innovation, product development and entrepreneur -- | ||
| 942 | _cBK | ||